| 000 | 00391nam a2200157Ia 4500 | ||
|---|---|---|---|
| 008 | 180921t2009 xxu||||| |||| 00| 0 eng d | ||
| 041 | _aeng | ||
| 080 |
_a581 _bKAR |
||
| 100 | _aKarunagoda,Renuka. | ||
| 245 | _aBotany of Field Crops in Sri Lanka | ||
| 260 |
_bGodage _aColombo _c2009 |
||
| 300 | _a88p., 26 cm | ||
| 942 | _cBK | ||
| 999 |
_c16338 _d16338 |
||
| 003 | LK-CoDNM | ||
| 040 |
_aLK-CoDNM _dLK-CoDNM _eLK-CoDNM |
||